S krížikom po funuse

Podrobná bibliografia
Hlavný autor: Sulík, Ivan, 1943-2021 (Autor)
Médium: Článok
Jazyk:slovenčina
Fyzický popis:Fot. 2.
Predmet:

MARC

LEADER 00000nab a2200000 a 4500
001 vtls000423746
003 SK-MaSNL
005 20260303122401.0
008 140422c1991 xo 0 slo
015 |a SNBRB19rr/mm-uuuuu 
035 |a CL0423874 
040 |a SNKBUCL  |b slo  |c SNKBUCL  |e AACR2 
041 0 |a slo 
044 |a xo  |c SK 
080 |a 82.09:885.4-3(048)  |2 1981 
080 |a 885.4-3(048)  |2 1981 
100 1 |a Sulík, Ivan,  |d 1943-2021  |4 aut  |9 223328 
245 1 0 |a S krížikom po funuse  |c Ivan Sulík 
300 |b Fot. 2. 
500 |a V rubrike Recenzie. 
650 0 7 |a slovenské romány  |2 snkbucl  |9 103163 
650 0 7 |a satirické romány  |2 snkbucl  |9 51582 
650 0 7 |a politické romány  |2 snkbucl  |9 715994 
655 7 |a recenzie  |2 snkbucl  |9 21907 
655 7 |a články z odboru literárna veda a krásna literatúra  |2 snkbucl  |9 770045 
655 7 |a články z novín a časopisov  |2 snkbucl  |9 267496 
773 0 |t Literárny týždenník  |g Roč. 4, č. 22 (1991), s. 4 
787 0 8 |i Rec.:  |a Mňačko, Ladislav, 1919-1994  |t Súdruh Münchhausen  |d Bratislava : Slovenský spisovateľ, 1990 
850 |a Slovenská národná knižnica v Martine  |a MTA001 
852 |a SNK  |b KIS3GCP 
958 |a RK 
958 |a LX 
999 |c 1920694  |d 1922624